000 00688nam a22001577a 4500
003 OSt
005 20151003152531.0
008 151003b xxu||||| |||| 00| 0 eng d
040 _cRUA
082 _aAGR LAN 1997 B019 Or.1
100 _91921
_aLANG, SENG HORNG
245 _aEconomic impact of tribolium castaneum on grain storage in cambodia, ឥទ្ធពលសេដ្ឋកិច្ចរបស់ខ្មត tribolium castaneum ទៅលើការស្តុកគ្រាប់ធញ្ញជាតិ ក្នុងលក្ខខណ្ឌនៃប្រទេសកម្ពុជា
260 _aPhnom Penh
_bRUA
_c1997
300 _a98p.
_bill.
_c29cm.
942 _2ddc
_cAGR
999 _c1815
_d1815